Návrh siete LTE

Uložené v:
Podrobná bibliografia
Hlavný autor: Molnár, Matej (Autor)
Ďalší autori: Kotuliaková, Kvetoslava (Vedúci práce)
Médium: Rukopis Kniha
Jazyk:Slovak
Vydavateľské údaje: 2018
Predmet:
On-line prístup:http://is.stuba.sk/zp/portal_zp.pl?podrobnosti=137462
Tagy: Pridať tag
Žiadne tagy, Buďte prvý, kto otaguje tento záznam!

MARC

LEADER 00000ntm a22000003a 4500
001 stuzp67381
003 SK-STU
005 20181029134405.5
007 ta
008 150427s2015----xo-----f-mn---000-0-slo-d
040 |a STU  |b slo 
041 0 |a slo 
044 |a xo 
100 1 |a Molnár, Matej  |u 037000  |4 aut  |U FEI Fakulta elektrotechniky a informatiky  |T FEI Ústav multimediálnych informačných a komunikačných technológií  |X 73080  |U E070  |Y 818  |7 73080 
242 0 1 |a Designing LTE network  |y eng 
245 1 0 |a Návrh siete LTE 
260 |c 2018 
300 |a 69 s. 
650 4 |a OMNeT++  |2 eng 
650 4 |a SimuLTE  |2 eng 
650 4 |a D2D  |2 eng 
650 4 |a 5G  |2 eng 
650 4 |a LTE  |2 eng 
650 4 |a OMNeT++  |2 slo 
650 4 |a SimuLTE  |2 slo 
650 4 |a D2D  |2 slo 
650 4 |a 5G  |2 slo 
650 4 |a LTE  |2 slo 
700 1 |a Kotuliaková, Kvetoslava  |u 037000  |k Z1  |4 ths  |U FEI Fakulta elektrotechniky a informatiky  |T FEI Ústav multimediálnych informačných a komunikačných technológií  |X 2015  |U E070  |Y 818  |7 A000002015 
856 4 |u http://is.stuba.sk/zp/portal_zp.pl?podrobnosti=137462 
996 |b 284EP11934  |c E*DIPL- 11934  |l EE37  |s P  |a 0  |w stuzp67381_0001